| 000 | 01366nam a2200313 a 4500 | ||
|---|---|---|---|
| 001 | ebr2004604 | ||
| 003 | CaPaEBR | ||
| 006 | m u | ||
| 007 | cr cn||||||||| | ||
| 008 | 000815s2000 caua sb 000 0 eng d | ||
| 010 | _z 00700134 | ||
| 020 | _z0833028227 | ||
| 040 |
_aCaPaEBR _cCaPaEBR |
||
| 035 | _a(OCoLC)70763557 | ||
| 050 | 1 | 4 |
_aLD3835 _b.G55 2000eb |
| 100 | 1 |
_aGill, Brian P., _d1968- |
|
| 245 | 1 | 4 |
_aThe governance of the City University of New York _h[electronic resource] : _ba system at odds with itself / _cBrian P. Gill. |
| 260 |
_aSanta Monica, CA : _bRand Education, _c2000. |
||
| 300 |
_axiii, 68 p. : _bill. |
||
| 500 | _a"This research was conducted for the Mayor's Advisory Task Force on the City University of New York"--P. iii. | ||
| 500 | _a"MR-1141-EDU"--P. [4] of cover. | ||
| 504 | _aIncludes bibliographical references (p. 63-68). | ||
| 533 |
_aElectronic reproduction. _bPalo Alto, Calif. : _cebrary, _d2013. _nAvailable via World Wide Web. _nAccess may be limited to ebrary affiliated libraries. |
||
| 610 | 2 | 0 |
_aCity University of New York _xAdministration. |
| 610 | 2 | 0 |
_aCity University of New York _xPlanning. |
| 655 | 7 |
_aElectronic books. _2local |
|
| 710 | 2 | _aebrary, Inc. | |
| 856 | 4 | 0 |
_uhttp://site.ebrary.com/lib/rucke/Doc?id=2004604 _zAn electronic book accessible through the World Wide Web; click to view |
| 999 |
_c226017 _d226017 |
||